000 00731nam a2200217Ia 4500
003 GCL
008 140319s9999 xx 000 0 ara d
040 _aGCL /
_cGCL
082 0 4 _a811.008014
_bم ا
100 1 _aمحمد عنانى
245 1 0 _aاروع ما كتب شاعر الصبا والجمال بشارة الخورى /
_cمحمد عنانى
300 _a93 ص
490 _aمكتبة الاسرة
_v0
650 0 4 _aالادب العربى
650 0 4 _aالشعر الغزلى
650 0 4 _aالشعر الرومانسى
650 0 4 _aالشعر العربى - دواوين وقصائد
650 0 4 _aالشعر العربى - العصر الحديث
650 0 4 _aبشارة الخورى
942 _2ddc
_cBK
999 _c50697
_d50697